[Event "Olympiad-36"]
[Site "Mallorca"]
[Date "2004.10.18"]
[Round "4"]
[White "Radjabov, Teimour"]
[Black "Rowson, Jonathan"]
[Result "1-0"]
[WhiteElo "2663"]
[BlackElo "2577"]
[Annotator "Gofshtein,L"]
[PlyCount "61"]
[EventDate "2004.10.15"]
[EventType "team-swiss"]
[EventRounds "14"]
[EventCountry "ESP"]
[SourceTitle "CBM 104"]
[Source "ChessBase"]
[SourceDate "2005.01.27"]
[SourceVersion "1"]
[SourceVersionDate "2005.01.27"]
[SourceQuality "1"]
[WhiteTeam "Azerbaijan"]
[BlackTeam "Scotland"]
[WhiteTeamCountry "AZE"]
[BlackTeamCountry "SCO"]

1. e4 {[%mdl 4]} c5 2. Nf3 d6 3. d4 cxd4 4. Nxd4 Nf6 5. Nc3 a6 6. Bg5 e6 7. f4
Qb6 8. Qd3 {This rare move has recently been seen in a few games between GMs.
The usual move is 8.Qd2.} Qxb2 {If black refuses to accept this pawn then
white has a small edge as the tournament practice shows.} (8... Nc6 9. O-O-O
Bd7 $14 {0-1 Pyhala,A-Oll,L/Helsinki 1995/EXT 99 (26) 1-0 Liss,E-Loginov,V/
Budapest 1993/CBM 38 (40)}) 9. Rb1 Qa3 10. f5 {White attacks in a typical way
for this variation trying to provoke a weakening of the black pawn chain.} Be7
{Another possibility is 10...Nc6 which leads to positions where white has
compensation for the sacrificed pawn.} (10... Nc6 11. fxe6 fxe6 12. Nxc6 bxc6
13. Be2 $44) 11. Be2 Qa5 {Black moves the queen from a dangerous area. 11...
Nc6 has also been played which leads to an unclear game as the tournament
practice shows. In case of 11...Qc5 12.Be3 white also has a serious initiative
for the sacrificed pawn.} (11... Nc6 12. fxe6 fxe6 13. Nxc6 bxc6 14. O-O (14.
e5 $5 dxe5 15. Bxf6 gxf6 16. Bh5+ Kf8 $13) 14... Qa5 15. Bxf6 gxf6 16. Bg4 Rg8
(16... O-O {'N!?' Areshchenko,A.} 17. Kh1 (17. Qc4 $5 d5 18. Qxc6 Qc5+ 19. Qxc5
Bxc5+ 20. Kh1 dxe4 21. Nxe4 Be7 $13) 17... Kh8 18. Ne2 $44 {1/2-1/2 Lastin,
A-Areshchenko,A/St Petersburg 2002/EXT 2003 (29) '!' Areshchenko,A.}) (16... h5
17. Bh3 Kf7 18. Kh1 $44 {1/2-1/2 Nataf,I-Marjanovic,S/Budva 2003/CBM 96 ext 
(38)}) 17. Bh3 Rg5 18. Ne2 Qc5+ 19. Kh1 a5 $44 {1-0 Sambuev,B-Kokarev,D/St
Petersburg 2002/EXT 2003 (100)}) (11... Qc5 12. Be3 Qc7 13. g4 $44 {1/2-1/2
Duistermaat,H-Hort,V/Utrecht 1986/EXT 97 (44)}) 12. Bd2 $5 {White retreats
with the bishop, making way for the g-pawn.} (12. O-O Nc6 (12... O-O 13. Kh1
Nc6 14. Nxc6 bxc6 15. Qd2 Qc7 16. Qf4 Ne8 17. Rbd1 Ra7 18. Bxe7 Qxe7 19. Rd3 {
1/2-1/2 Chytilek,R-Sobek,J/Czechia 1999/EXT 2001 (19)})) 12... Qc7 (12... Nc6
$5 {and white can not use Qa5 at the moment;}) 13. fxe6 {Opening the f-file
and weakening black's pawn chain.} fxe6 14. g4 $5 {A typical sicilian move.
White threatens by g4-g5 to seize the initiative. 14.Qh3 as the next game
shows gives black a fine position.} (14. Qh3 $6 Nc6 $17 (14... e5 15. Ne6 Bxe6
16. Qxe6 $44 {[%csl Yd5,Ye6,Yf5] White has a compensation thanks to the
control over central light squares;}) 15. Nxc6 (15. Nxe6 Bxe6 16. Qxe6 Nd4 $36)
15... Qxc6 (15... bxc6 {was same good for black;}) 16. Bh5+ Nxh5 17. Qxh5+ g6
18. Qh6 Bf6 $17 {1/2-1/2 Bezgodov,A-Najer,E/Elista 2001/CBM 83/[Tyomkin,D] (52)
/-+}) 14... h6 $146 {[%mdl 8] Black tries to prevent g4-g5. Other replies
allow white a dangerous initiative.} (14... h5 $6 15. g5 Ng4 16. Qh3 Qc5 17.
Bxg4 Qxd4 18. Bxe6 $16 {1-0 Lastin,A-Kokarev,D/St Petersburg 2002/EXT 2003 (24)
}) (14... O-O 15. g5 Ne8 16. Bg4 $36) (14... d5 15. g5 (15. exd5 Nxd5 16. O-O
$44) 15... Nxe4 16. Nxe4 dxe4 17. Qxe4 $44) 15. e5 $5 {[%mdl 640]} dxe5 16.
Qg6+ Kf8 17. Nf3 {By sacrificing the second pawn white tries to make the
position even sharper. The bad position of the black king gives white a long
term initiative.} Bd7 {[%cal Rd7e8] First of all black tries to throw the
white queen back from an active position.} 18. g5 Be8 19. Qd3 hxg5 (19... Nh5
20. gxh6 Nf4 21. hxg7+ $44) 20. Nxg5 {White has opened the g-file and brings
his pieces closer to the black king.} Bf7 $6 {Allowing to exchange his white
squared bishop. White's attack is growing.} (20... Kg8 $5) 21. Nxf7 Kxf7 22.
Rg1 {[%cal Rg1g7,Rd3g6]} Bd8 {It is very difficult to defend with black. In
case of 22...Kf8 white's attack is very dangerous.} (22... Kf8 23. Qg6 (23. Ne4
Nxe4 24. Qxe4 Nc6) 23... Bc5 24. Rf1 $40) 23. Ne4 $5 {[%cal Re4g5] The white
knight enters the game with a decisive effect.} Nxe4 24. Qxe4 {After the
exchange of knights black is defenceless.} Nc6 25. Qg6+ Kf8 26. Rf1+ Bf6 27.
Rxf6+ $1 {White sacrifices an exchange totally opening the black king.} gxf6
28. Qxf6+ Kg8 29. Rb3 $1 {[%cal Gb3g3] Bringing the rook to the kingside with
a decisive effect.} Rh7 30. Bh6 Qa5+ 31. Kf1 {There is no defence against 32.
Rg3, black resigned.} 1-0

[Event "Olympiad-36"]
[Site "Mallorca"]
[Date "2004.10.19"]
[Round "5"]
[White "Radjabov, Teimour"]
[Black "Dizdarevic, Emir"]
[Result "1-0"]
[WhiteElo "2663"]
[BlackElo "2538"]
[PlyCount "79"]
[EventDate "2004.10.15"]
[EventType "team-swiss"]
[EventRounds "14"]
[EventCountry "ESP"]
[SourceTitle "CBM 104"]
[Source "ChessBase"]
[SourceDate "2005.01.27"]
[SourceVersion "1"]
[SourceVersionDate "2005.01.27"]
[SourceQuality "1"]
[WhiteTeam "Azerbaijan"]
[BlackTeam "Bosnia&Herzegovina"]
[WhiteTeamCountry "AZE"]
[BlackTeamCountry "BIH"]

1. d4 Nf6 2. c4 e6 3. Nc3 Bb4 4. a3 Bxc3+ 5. bxc3 b6 6. f3 Nc6 7. e4 Ba6 8. Bg5
Qc8 9. Bd3 Na5 10. Qe2 d6 11. Nh3 Nd7 12. f4 f6 13. Bh4 Qb7 14. O-O O-O-O 15.
Rab1 Rde8 16. Bf2 h6 17. Be3 Re7 18. Nf2 Kb8 19. h3 Rc8 20. Rfd1 e5 21. fxe5
fxe5 22. d5 c6 23. c5 Bxd3 24. Nxd3 cxd5 25. cxb6 Qa6 26. bxa7+ Ka8 27. Qg4 Nc4
28. Bf2 Nf6 29. Qf5 Rec7 30. Nb4 Qa4 31. Nxd5 Nxd5 32. Rxd5 Nxa3 33. Rb8+ Rxb8
34. axb8=Q+ Kxb8 35. Rxd6 Nc4 36. Rd8+ Kb7 37. Qf8 Qa6 38. Rb8+ Kc6 39. Qe8+
Rd7 40. Rc8+ 1-0

[Event "Olympiad-36"]
[Site "Mallorca"]
[Date "2004.10.24"]
[Round "9"]
[White "Radjabov, Teimour"]
[Black "Torre, Eugenio"]
[Result "1-0"]
[WhiteElo "2663"]
[BlackElo "2518"]
[Annotator "Erenburg,S"]
[PlyCount "65"]
[EventDate "2004.10.15"]
[EventType "team-swiss"]
[EventRounds "14"]
[EventCountry "ESP"]
[SourceTitle "CBM 104"]
[Source "ChessBase"]
[SourceDate "2005.01.27"]
[SourceVersion "1"]
[SourceVersionDate "2005.01.27"]
[SourceQuality "1"]
[WhiteTeam "Azerbaijan"]
[BlackTeam "Philippines"]
[WhiteTeamCountry "AZE"]
[BlackTeamCountry "PHI"]

1. e4 d6 2. d4 Nf6 3. Nc3 g6 4. f4 Bg7 5. Nf3 O-O 6. Bd3 Na6 {If black doesn't
play c7-c6 this continuation is legitimic. Now black intends to provide c7-c5
by one tempo.} 7. e5 $5 {Rare variation, but, probably, gives white some
chance to fight for the advantage. Another theoretical line is} (7. O-O c5 8.
d5 Rb8 9. e5 $1 {1-0 Vaisser,A-Bauer,C/Aix les Bains 2003/CBM 97_01/[Erenburg]
(32)}) 7... dxe5 {Other possibilities are:} (7... Ng4 8. h3 Nh6 9. g4 {1/2-1/2
Pedersen,N-Marin,M/Istanbul 2003/CBM 96/[Erenburg] (29)}) (7... Ne8 {1-0 Zhang
Pengxiang-Dzhumaev,M/Calcutta 2001/CBM 85/[Finkel,A] (47)}) (7... Nd7 8. Ne4 c5
9. e6 fxe6 10. h4 cxd4 11. h5 Nac5 12. hxg6 h6 13. Qe2 Nxe4 14. Bxe4 Nc5 $13 {
Motwani,P-Howell,J/BCF-ch 1994}) 8. fxe5 {This continuation seems more
principle, than the capture with the "d" pawn, as in this case, white opens
the "f" file for the rook, and makes dark-squared bishop more active.} (8. dxe5
Nd5 9. Nxd5 Qxd5 10. Qe2 Bf5 11. Bxf5 gxf5 12. O-O f6 13. exf6 Bxf6 14. Be3 $14
{Van der Sterren,P-Haik,A/Budel zt 1987}) 8... Nd5 9. Nxd5 {White plays very
aggressively in the opening, trying to get an obvious space advantage. Another
possibility:} (9. Be4 Nab4 10. Nxd5 Nxd5 11. O-O c6 12. c3 f6 13. exf6 exf6 14.
Re1 Bg4 15. h3 Bxf3 16. Qxf3 f5 17. Bxd5+ Qxd5 18. Qxd5+ cxd5 19. Bf4 Rfe8 $11
{1/2-1/2 Rivera Kuzawka,D-Ivkov,B/Corunha 1990/EXT 2004 (27)}) 9... Qxd5 10. c4
Qd8 11. h3 $1 {Very strong move. White doesn't hurry with the castle, but
first he secures the strength of his centre, preventing from black to develop
the light-squared bishop to g4.} f6 {The only way to get the counterplay for
black is to attack white's centre.} 12. exf6 $146 {In the preceding game white
tried} (12. Be3 fxe5 13. dxe5 Nb4 14. Be4 Bf5 15. Bxf5 gxf5 16. O-O Qxd1 17.
Raxd1 Rad8 18. Bg5 Nc6 $11 {0-1 Faure,M-Cuijpers,F/Zug 1987/EXT 97 (40)}) 12...
exf6 13. O-O c6 {Black has to solve the problems of developing the queenside
pieces. First, he intends to get the knight into the game through c7 square.} (
13... f5 14. Re1 (14. Bg5 Bxd4+) 14... Bxd4+ 15. Nxd4 Qxd4+ 16. Be3 $44) ({
In my opinion, black should have started from} 13... Re8 $5 14. Bf4 f5 $1 15.
Be5 (15. Bc2 c5 $132) (15. Qd2 Bxd4+ 16. Nxd4 Qxd4+ 17. Rf2 Nc5 $15) 15... Bxe5
16. dxe5 Be6 $11) 14. Bf4 Nc7 (14... f5 15. Qd2 Re8 16. Bc2 c5 17. Rad1 $14)
15. Qb3 {White continues to develop the pieces, preventing from black to
develop the light-squared bishop.} Kh8 16. Rad1 $14 {Now we can resume the
results of the opening as very successful for white. He has a space advantage,
all his pieces are developed already, while black has serious problems to
complete the development of the queenside.} Ne6 17. Be3 Qc7 18. Rfe1 {vacating
the f1 square for the bishop.} ({Comes to consideration:} 18. d5 Nf4 19. Bc2
cxd5 20. cxd5 Qd6 $14) 18... Nf4 $6 {The knight on f4 seems active, but,
actually it can find itself in trouble, as it doesn't have any good square...}
({Probably better was} 18... Ng5 $1 19. Nh2 (19. Nxg5 fxg5 $132 {[%cal Yg5g4,
Gc8h3]}) 19... Qg3 20. Kh1 $14) 19. Bf1 b6 $2 {White's pieces are all located
extremely active, and the first player is ready to carry out the breakthrough
d4-d5. Therefore, last black's move is absolutely not to the point...} ({
Black should have played} 19... Rd8 20. d5 cxd5 21. cxd5 Qd6 22. Rd4 $16) 20.
d5 $1 cxd5 21. cxd5 {Now white's initative becomes very dangerous.} Qd6 (21...
Nh5 22. d6 Qd8 23. g4 Ng3 24. Bg2 $18) 22. Qc4 $1 {emphasizing the defect of
black's 18-th move.} Nh5 $2 {losing the knight. But, in bad positions all the
moves are bad...} (22... g5 23. Qc6 (23. Bxf4 gxf4 24. Qc6 $18) 23... Qxc6 24.
dxc6 $18) 23. g4 $1 $18 {winning the knight.} b5 24. Qc6 Qg3+ (24... Qxc6 {
doesn't change anything:} 25. dxc6 Ng3 26. Bc5 Rg8 27. Bxb5 $18) 25. Bg2 Bxg4 (
25... Nf4 26. Bxf4 Qxf4 27. Qxa8 Bxg4 28. Re8 $18) 26. Bf2 Qf4 27. hxg4 Qxg4
28. Qe6 {Now white is just piece up without any compensation from the black's
side... The rest is a matter of an easy technique.} f5 29. Ne5 Qg5 (29... Qxg2+
30. Kxg2 Nf4+ 31. Kf3 Nxe6 32. dxe6 $18) 30. Nf7+ Rxf7 31. Qxf7 h6 32. Qe7 Qg4
33. Qh4 {trading the queens.} 1-0

[Event "Olympiad-36"]
[Site "Mallorca"]
[Date "2004.10.25"]
[Round "10"]
[White "Georgiev, Kiril"]
[Black "Radjabov, Teimour"]
[Result "1-0"]
[WhiteElo "2625"]
[BlackElo "2663"]
[Annotator "Marin,M/Stoica"]
[PlyCount "115"]
[EventDate "2004.10.15"]
[EventType "team-swiss"]
[EventRounds "14"]
[EventCountry "ESP"]
[SourceTitle "CBM 104"]
[Source "ChessBase"]
[SourceDate "2005.01.27"]
[SourceVersion "1"]
[SourceVersionDate "2005.01.27"]
[SourceQuality "1"]
[WhiteTeam "Bulgaria"]
[BlackTeam "Azerbaijan"]
[WhiteTeamCountry "BUL"]
[BlackTeamCountry "AZE"]

1. d4 Nf6 2. c4 g6 3. Nf3 Bg7 4. g3 c6 5. Nc3 O-O 6. Bg2 d5 7. cxd5 cxd5 8. Ne5
e6 9. O-O Nfd7 10. f4 Nc6 11. Be3 f6 12. Nf3 Nb6 13. Bf2 f5 14. e3 Bd7 15. h3
Nc4 16. b3 Nd6 17. g4 Ne4 18. Nxe4 dxe4 19. Ne5 Nxe5 20. dxe5 Bb5 21. Qxd8
Rfxd8 22. Rfc1 Bf8 23. a4 Bc6 24. Bf1 Be7 25. Be1 Kf7 26. Bc4 Rac8 27. Kf1 Bd5
28. Bxd5 exd5 29. Bc3 Bc5 30. Bd4 Bxd4 31. exd4 g5 32. fxg5 fxg4 33. hxg4 Kg6
34. Ke2 Kxg5 35. a5 Rf8 36. Rxc8 Rxc8 {Judging from the further course of the
game, Black was playing for a win here. In doing so, he probably relied on his
more active king, failing to understand the significance of White's advantage
of space on the queen side as well as the fact that the white king safely
blocks the most dangerous black pawn.} 37. Rf1 $1 {Occupying the onl available
open line.} Kxg4 {Black plays actively, but his h-pawn is far from dangerous.
Black could have defended his seventh rank.} ({True, doing it with the
immediate} 37... Rc7 $6 {wouldn't have entirely absolved him from problems:}
38. e6 Re7 (38... Kxg4 39. Rf7) 39. Rf5+ Kxg4 40. Rxd5 Rxe6 41. Rd7 $14) ({
In case of choosing this defensive plan, he should have decoyed the enemy king
to the d-file first with} 37... Rc2+ $1 38. Ke3 Rc3+ 39. Kd2 {and only now} Rc7
$1 (39... Rd3+ $2 40. Ke2 $16) (39... Rxb3 $2 40. e6 $16) 40. e6 Re7 41. Rf5+
Kxg4 42. Rxd5 Rxe6 43. Rd7 (43. Ke3 Re7) {since he could now win an important
tempo with} 43... e3+ 44. Ke2 Kf4 45. Rxb7 Ke4 46. Rxh7 Kxd4 $11) 38. Rg1+ Kf4
{But this is a sign already that Black was playing for a win.} ({The safer} 
38... Kf5 {would have led to equality:} 39. Rg7 Rc2+ 40. Kd1 Rh2 41. Rf7+ Ke6
42. Rxb7 Rh1+ 43. Ke2 Rh2+ 44. Ke3 Rh3+ $11) 39. Rf1+ ({In case of} 39. Rg7 $6
Rc2+ 40. Kd1 Rh2 41. e6 Rh6 {it would be White who should look for equality
with} 42. Ke2 (42. e7 Re6 43. Ke2 h5 $15) 42... Rxe6 43. Rxh7 $11) 39... Kg3 ({
Once again, safer would have been to place the king on a less advanced
position with} 39... Kg4 {for instance} 40. Rf7 Rc2+ 41. Ke3 (41. Kd1 Rh2 42.
e6 Rh6 $11) 41... Rc3+ 42. Kd2 Rxb3 43. e6 e3+ 44. Ke2 Rb2+ 45. Kxe3 Rb3+ 46.
Kd2 h5 $11) 40. Rg1+ Kf4 41. Rf1+ Kg3 42. e6 $5 {But now, it is White who
declines a draw by repetition and rightly so.} (42. Rf7 Rc2+ 43. Ke3 Rc3+ 44.
Kd2 Rxb3 45. e6 e3+ 46. Ke2 Rb2+ 47. Kxe3 Rb3+ 48. Kd2 Rb2+ (48... h5 $2 49.
Rf5 $18) 49. Kc3 Re2 50. Rxh7 (50. Rxb7 h5) 50... Rxe6 51. Rxb7 Rc6+ 52. Kb3 (
52. Kd3 Ra6 53. Rb5 Rd6 $11) 52... Kf4 53. Rxa7 Ke4 $11) 42... Re8 43. Rf5 Rxe6
44. Rxd5 Re7 $6 {Continuing to neglect the problem of the king. Radjabov might
have still overestimated the force of his h-pawn. Black could have maintained
equality in two ways:} (44... Kg4 45. Rd7 h5 46. Rxb7 a6 (46... h4 $6 47. Rxa7
Rh6 48. a6 $16) 47. Rb6 Kf5 $8 48. d5 Rg6 $11) ({Even simpler looks to be} 
44... Kf4 45. Rd7 e3 46. Rxb7 (46. Rxh7 Ke4 $11) 46... Ke4 (46... Rh6 $2 47.
Kd3 $18) 47. Rxh7 Kxd4 48. Rxa7 Rh6 $11 {and in the near future all the pawns
will be eliminated from board.}) 45. Re5 $1 $14 {/+/- The race between the d-
and the h-pawn will favour White, because his king will be closer to the
vulnerable black queen side (this aspect is especially relevant in the case
both sides would have to give up their rooks for the enemy pawns.) This is in
fact an exception to the general rule according to which an outside passed
pawn is more dangerous than a central one.} Rc7 (45... Rd7 46. Ke3 Kg4 47.
Rxe4+ Kg3 48. Re6 h5 49. Rg6+ Kh3 50. Ke4 $16) 46. Ke3 Rc3+ (46... Kg4 47. Kxe4
h5 (47... Rc1 48. Kd5 $16) 48. Re8 Rg7 49. d5 h4 50. d6 h3 51. Rh8 Kg3 52. Ke5
$16) 47. Kxe4 Rxb3 48. d5 Rb4+ 49. Kf5 h5 50. Re3+ Kg2 (50... Kf2 51. Rh3 h4 (
51... Rb5 52. Ke6 Rxa5 53. d6 $18) (51... b6 52. a6 $18) 52. d6 Kg2 (52... Rd4
53. Ke5 $18) 53. Rd3 $18) 51. d6 Rd4 52. Ke5 Rd1 53. Re4 $18 b5 54. Rd4 Re1+
55. Kd5 Re8 56. d7 Rd8 57. Kc6 Kg3 58. Kxb5 1-0

[Event "Olympiad-36"]
[Site "Mallorca"]
[Date "2004.10.27"]
[Round "12"]
[White "Radjabov, Teimour"]
[Black "Ye, Jiangchuan"]
[Result "1-0"]
[WhiteElo "2663"]
[BlackElo "2649"]
[Annotator "Gofshtein,L"]
[PlyCount "59"]
[EventDate "2004.10.15"]
[EventType "team-swiss"]
[EventRounds "14"]
[EventCountry "ESP"]
[SourceTitle "CBM 104"]
[Source "ChessBase"]
[SourceDate "2005.01.27"]
[SourceVersion "1"]
[SourceVersionDate "2005.01.27"]
[SourceQuality "1"]
[WhiteTeam "Azerbaijan"]
[BlackTeam "China"]
[WhiteTeamCountry "AZE"]
[BlackTeamCountry "CHN"]

1. e4 {[%mdl 4]} c5 2. Nf3 d6 3. d4 cxd4 4. Nxd4 Nf6 5. Nc3 a6 6. Bg5 e6 7. f4
Qb6 8. Qd2 {In his game against Rowson which was also played in this olympiad
Radjabov successfully played 8.Qd3 - see comments to this game.} Qxb2 9. Rb1
Qa3 10. f5 {The main direction of the white attack} Nc6 11. fxe6 fxe6 12. Nxc6
bxc6 13. e5 dxe5 14. Bxf6 gxf6 15. Ne4 Be7 16. Be2 h5 17. Rf1 {'!' Jackson,R.
A relatively new line. Previously 17.Rb3 was played followed by a knight
sacrifice on f6. The theory doesn't have a clear verdict on this sacrifice.} (
17. Rb3 Qxa2 (17... Qa4 18. Nxf6+ Bxf6 19. c4 $13 {1-0 Timman,J-Hjartarson,J/
Linares 1989/CBM 11 (44)}) 18. Nxf6+ Bxf6 19. O-O $44 {1/2-1/2 Kruse,
H-Balcerak,P/Germany 2003/CBM 98 ext (34)}) 17... Qxa2 $146 {[%mdl 8] A
novelty. Black avoids 17...f5, which was played in a number of games. In that
case white usually has a strong attack for the sacrificed material.} (17... f5
18. Rb3 $5 (18. Rf3 Qxa2 19. Rfb3 Qa4 $5 (19... fxe4 20. Qc3 Bd8 {'!' Jackson,
R.} (20... O-O 21. Ra1 Bb4 22. Rxb4 Qd5 23. Qg3+ Kh7 24. Bxh5 Rf6 25. Rd1 Qa5
26. c3 $16) 21. Qxc6+ $44 {1-0 Ibraev,N-Kokarev,D/St Petersburg 2003/EXT 2004 
(30)}) 20. Nd6+ Bxd6 21. Qxd6 Qa5+ (21... Qe4 22. Rb7 Qh4+ 23. g3 Qd8 24. Qxe5
Rh6 25. Qg7 $18 {1-0 Fernandez Siles,L-Gamundi Salamanca,A/Albacete 2004/CBM
102 ext (25)}) 22. Kf1 $13 {0-1 Schuermans,R-Van Beers,E/Westerlo BEL 2004/The
Week in Chess 507 (36)}) 18... Qxa2 19. Qc3 Bd8 20. Qxc6+ Bd7 21. Nd6+ $40 {
1-0 Vasquez,R-Smith,D/Dos Hermanas 2004/CBM 99 ext (31)}) 18. Rd1 {[%cal Re4f6,
Rf1f6] Bringing the rook to an active position and renewing the threat 19.
Nxf6+.} Qd5 {Black brings his queen to a more active place. In case of 18...f5
white could reply with 19.Qc3 with a dangerous attack.} (18... f5 19. Qc3 $5
$40 {[%cal Rc3e5]} (19. Nd6+ Bxd6 20. Qxd6 Qa5+ 21. Kf2 Ra7 $17)) 19. Qe3 $5 {
[%cal Re3g3] Attacking the black queen and preparing to move the queen to the
kingside.} Qa5+ 20. c3 f5 21. Qg3 $5 {[%cal Gg3g7][%mdl 128] Bringing the
queen to the kingside and creating a threat to penetrate to g7.} Kf8 {After 21.
..Kf7 22.Bc4 white's initiative is very dangerous.} (21... Kf7 22. Bc4 $36 {
[%cal Rf1f5]}) 22. Qg6 $1 {A decisive penetration of the white queen to the
opponent's camp.} Qa4 23. Rf3 $1 {[%cal Rf3g3,Gf3d3] White plays very
energetically and inventive. As the next lines show black is already has no
defence.} Ra7 (23... Bh4+ 24. Rg3 $3 Bxg3+ 25. hxg3 Qxd1+ 26. Bxd1 fxe4 27.
Qf6+ Kg8 28. Qd8+ $36) (23... Qxe4 24. Rg3 Qg4 25. Bxg4 hxg4 26. Rxg4 fxg4 27.
Ke2 $18) 24. Rg3 $1 {White forces black to exchange his dark squared bishop
and recieves a decisive advantage.} Bh4 25. Ng5 Bxg3+ 26. hxg3 Qa5 27. Qf6+ Kg8
28. Rd8+ Qxd8 {Black is forced to give his queen for the opponent's rook.} 29.
Qxd8+ $18 Kg7 30. Qd6 1-0

[Event "FRA-chT Top 16 GpA"]
[Site "Mulhouse"]
[Date "2005.02.04"]
[Round "1"]
[White "Dautov, Rustem"]
[Black "Radjabov, Teimour"]
[Result "1/2-1/2"]
[WhiteElo "2609"]
[BlackElo "2667"]
[PlyCount "67"]
[EventDate "2005.02.04"]
[EventType "team"]
[EventRounds "7"]
[EventCountry "FRA"]
[SourceTitle "CBM 106"]
[Source "ChessBase"]
[SourceDate "2005.06.06"]
[SourceVersion "1"]
[SourceVersionDate "2005.06.06"]
[SourceQuality "1"]

1. d4 Nf6 2. c4 g6 3. g3 Bg7 4. Bg2 c5 5. Nf3 cxd4 6. Nxd4 O-O 7. O-O d5 8.
cxd5 Nxd5 9. Nb5 a6 10. N5c3 Nxc3 11. Nxc3 Nc6 12. Be3 Be6 13. Qc1 Rc8 14. Rd1
Qa5 15. Bf3 Rfd8 16. Rxd8+ Rxd8 17. Bh6 Bxh6 18. Qxh6 Nd4 19. Kg2 Nxf3 20. exf3
Qb4 21. Qc1 Rd3 22. a3 Qd4 23. Qe1 Qf6 24. Qe2 Bc4 25. Qe4 b5 26. Rd1 Rxd1 27.
Nxd1 Kg7 28. b4 Qa1 29. Ne3 Be6 30. Qd3 Qb2 31. Nc2 Bf5 32. Qd4+ Qxd4 33. Nxd4
Kf6 34. f4 1/2-1/2